Pantun teka-teki : Kaki empat tidak bernyawa

Bibliographic Details
Main Author: WS.Uzala
Format: Book
Published: Selangor : Eddiplex Sdn Bhd , 1994
Series:Siri benda-benda di sekolah
Subjects:

MARC

LEADER 00000cam a2200000 7i4500
001 0000069844
005 20170205.0
008 170205
020 |a 9838800902 (set) 
020 |a 9838800996 
090 0 0 |a NS   |b MAL 
100 1 |a WS.Uzala 
245 1 0 |a Pantun teka-teki :   |b Kaki empat tidak bernyawa   |c WS.Uzala 
260 |a Selangor :   |b Eddiplex Sdn Bhd ,   |c 1994 
490 1 |a Siri benda-benda di sekolah 
500 |a Children ages 7-9 years old (orange) 
650 0 |a Rhymes   |x Juvenile literature 
999 |a 0000796045   |b Book   |c Children Collection   |e Cawangan Segamat 
999 |a 0000817360   |b Book   |c Children Collection   |e Cawangan Bandar Penawar